| 000 | 00376nam a22001457a 4500 | ||
|---|---|---|---|
| 020 | _a1-85591-324-0 | ||
| 082 |
_a823 _bLEO/N |
||
| 100 | _aLEE, ROB | ||
| 245 | _a FIREMAN SAM : NORMAN IN TROUBLE | ||
| 246 |
_a FIREMAN SAM : NORMAN IN TROUBLE _b FIREMAN SAM : NORMAN IN TROUBLE |
||
| 260 |
_aUK _bBUZZ BOOKS |
||
| 300 | _a29 | ||
| 650 |
_aENGLISH Short story _zUK |
||
| 942 | _cBK | ||
| 999 |
_c4807 _d4807 |
||